Responses for Show #8678 - Wednesday, July 6, 2022

Yungsheng Wang game 3.

Contestants

[<< previous game]

Alicia O'Hare, a social worker from Long Beach, New York

Jen Alfonso-Punzalan, a school librarian from San Mateo, California

Yungsheng Wang, a public defender from Los Angeles, California (whose 2-day cash winnings total $47,801)

[next game >>]

Jeopardy! Round responses

GEOGRAPHY
MOVIE MAGIC & WIZARDRY
STOCK SYMBOLS
WE RECOGNIZE
THE REPRESENTATIVE FROM...
THE STATE OF DENIAL
    $200 2
the Black Forest

Yungsheng 永勝
    $200 1
Houdini

Jen
    $200 26
ExxonMobil

Alicia
    $200 8
a coonskin cap

Yungsheng 永勝
    $200 16
Liz Cheney

Yungsheng 永勝
    $200 21
nay

Jen
    $400 3
the Puget Sound

Alicia
    $400 4
Gandalf

Alicia
    $400 27
Moderna

Jen
    $400 12
a buttercup

Triple Stumper
    $400 17
January 6th

Alicia
    $400 22
dismissed

Alicia
    $600 9
Cuba

Yungsheng 永勝
    $600 5
Expelliarmus

Yungsheng 永勝
    $600 28
Alibaba

Yungsheng 永勝
    $600 13
cherries jubilee

Alicia
    $600 18
Sonny Bono

Alicia
    $600 23
(Yungsheng: What is [*]-proof?)

veto

Yungsheng 永勝
    $800 10
the Adriatic

Jen
    $800 6
The Sorcerer's Apprentice

Yungsheng 永勝
    $800 30
GameStop

Yungsheng 永勝
    $800 14
a Boxer

Yungsheng 永勝
    $800 19
John Boehner

Alicia
    $800 24
categorical

Alicia
    $1,000 11
(Jen: What is the Sahara?)

the Kalahari Desert

Jen
    $1000 7
Practical Magic

Alicia
    $1000 29
Alphabet

Alicia
    $1000 15
J.P. Morgan

Yungsheng 永勝
    $1000 20
Alaska

Alicia
    $1000 25
refute

Alicia

Scores at the first commercial break (after clue 15):

Yungsheng 永勝 Jen Alicia
$4,200 $0 $2,400

Scores at the end of the Jeopardy! Round:

Yungsheng 永勝 Jen Alicia
$6,400 $600 $8,600

Double Jeopardy! Round responses

HISTORICAL HODGEPODGE
LITERARY DOCTORS
BILLBOARD NO. 1 LYRICS
(Mayim: You'll name the song.)
EXAMINE THE SCIENCE
IN THE COURTROOM
"A" BEFORE "E"
(Mayim: All responses have the "A-E" letter pair.)
    $400 21
Ethiopia

Yungsheng 永勝
    $400 2
Doctor Zhivago

Alicia
    $400 13
"Old Town Road"

Jen
    $400 26
Mach

Alicia
    $400 5
the bench

Jen
    $400 1
Reggae

Alicia
    $800 23
U.S. Grant

Yungsheng 永勝
    $800 3
Doctor Dolittle

Alicia
    $800 14
"Shape Of You"

Jen
    $800 27
pasteurization

Alicia
    $800 7
the gavel

Jen
    $800 6
archaeology

Yungsheng 永勝
    $4,000 25
(Yungsheng: I should've bet more.)

the Archbishop of Canterbury

Yungsheng 永勝
    $1200 4
Madame Bovary

Yungsheng 永勝
    $1200 15
"Bad Day"

Yungsheng 永勝
    $1200 28
elastic

Alicia
    $1200 8
(Alicia: What is a marshal?)

a bailiff

Yungsheng 永勝Alicia
    $1200 18
maestro

Yungsheng 永勝
    $1600 22
Adolf Eichmann

Alicia
    $1600 11
(Jen: Who is Kipling?)

Nathaniel Hawthorne

Jen
Triple Stumper
    $1600 16
"When Doves Cry"

Alicia
    $1600 29
Saturn

Yungsheng 永勝
    $1600 9
(Yungsheng: Uh, what is, uh...)

a sidebar

Yungsheng 永勝Alicia
    $1600 19
an aerator

Jen
    $2000 24
the Mausoleum of Halicarnassus

Yungsheng 永勝
    $4,000 12
(Alicia: Who is Goethe?)

Thomas Mann

Alicia
    $2000 17
"Faith"

Triple Stumper
    $2000 30
the Mesozoic

Alicia
    $2000 10
the docket

Alicia
    $2000 20
(Mayim: Yes, I hate when that happens.)

Aeschylus

Alicia

Scores at the end of the Double Jeopardy! Round:

Yungsheng 永勝 Jen Alicia
$19,200 $3,000 $18,200

[wagering suggestions for these scores]

Final Jeopardy! Round responses

AGRICULTURE
(Mayim: [To Jen] The merchant ship Auckland rescued a drifting Japanese vessel, and the crew had [*] with them.)
JenWhat are soybeans?
$0
AliciaWhat is are soybeans?
$6,200
Yungsheng 永勝What is soybean?
$17,201
soybeans

Final scores:

Yungsheng 永勝 Jen Alicia
$36,401 $3,000 $24,400
3-day champion: $84,202 3rd place: $1,000 2nd place: $2,000

Game dynamics:

Coryat scores:

Yungsheng 永勝 Jen Alicia
$16,400 $4,000 $22,200
21 R
(including 1 DD),
1 W
9 R,
2 W
(including 1 DD)
25 R,
2 W
(including 1 DD)

Combined Coryat: $42,600

[game clues] [game scores] [suggest correction]

Game tape date: 2022-05-05
The J! Archive is created by fans, for fans. Scraping, republication, monetization, and malicious use prohibited; this site may use cookies and collect identifying information. See terms. The Jeopardy! game show and all elements thereof, including but not limited to copyright and trademark thereto, are the property of Jeopardy Productions, Inc. and are protected under law. This website is not affiliated with, sponsored by, or operated by Jeopardy Productions, Inc. Join the discussion at JBoard.tv.